00866nam a22002055i 4500001000700000003000900007005001700016008004100033040002600074100003900100245003500139260008800174300002200262490003800284600004100322830004600363852010800409999001900517952012400536154013ES-MaACL20240526062941.0960520s1899 fr |||| | fre d aGA bspa cCCPB | SIC1 aFaguet, Émile,d1847-191694863210aFlaubert / cPar Emile Faguet. aParís : bLibrairie Hachette et Cie, c1899 (eCoulommiers : fImp. Paul Brodard) a191 p. ; c19 cm.1 aLes grands écrivains français14aFlaubert, Gustave,d1821-18809511340 aLes grands écrivains français9182230 aES-MaACLjB-3170 z-- Enc. pasta española q-- Falto de la cub. originalz-- Enc. en un vol. facticio c154013d154013 001040708LIBXIXaATENEOMbATENEOMcSPBd2008-01-17eSSCl0oB-3170p1161034r2023-02-23 00:00:00w2023-02-23yMONANT